Random Quiz about Jimtown Stats

 Plays Quiz not verified by Sporcle

Challenge
Share
Tweet
Embed
Score 0/20 Timer 08:00
0 Plays Today
Question Answer Wrong Answers
Which sport does the school tend to spend all and I mean ALL of its money on? Football
92.9%
Soccer
0%
Track and Field
1.8%
Baseball
3.6%
Which hallway is incredibly overcrowded all the got dang time? Freshmen
82.1%
Sophomore
7.1%
Junior
0%
Senior
7.1%
Which teacher commonly says 'Whose got the thoooouught for the day?' Mr. Hosinski
80.4%
Mr. Lord
0%
Mr. Tipton
3.6%
The guy who chills at the street corner
10.7%
What do people get expelled for the most at Jimtown? Getting caught with drugs
80.4%
Rape
7.1%
Violence against students
5.4%
Violence against teachers/staff
3.6%
Who is the bald teacher at the school? Joe Linville
80.4%
That one senior
1.8%
Carl?
7.1%
Scott Tipton
5.4%
What happened to the wifi? All 3 cuz they can ¯\_(ツ)_/¯
76.8%
They became selfish and took our freedom away..
10.7%
They disabled it. For the rest of us.
7.1%
They made life even more horrible without it ;-;
3.6%
What was found in a sink in the boys restroom? Used condom
73.2%
Banana peel
7.1%
Dirty tampon
3.6%
Pubic hair
14.3%
When you're annoying af in class, which teacher would shoot you with a nerf gun? KJ
73.2%
Lewis
8.9%
Ziggy
5.4%
Halle Hill
8.9%
Who calls you out for having your feet on the furniture? Mr. Tipton
71.4%
Mr. Stacy
7.1%
Mr. Hosinski
1.8%
Mr. Ward
14.3%
What do people get in trouble for doing in the restroom? Hittin a joint
66.1%
Taking a dump
8.9%
Eating a ghost pepper
21.4%
Eating food
0%
Who is the best all around athlete here? Kenny Kern
66.1%
Sam Pawlak
16.1%
Mason Castro
10.7%
Max Magyar
3.6%
What's the best thing to get at Jimtown Pizza? Ice cream
60.7%
The pizza duhh
23.2%
Onion rings
5.4%
The 'secret sauce'
7.1%
What percentage of the school is white? About a good 80%
53.6%
100% WHITE SUPREMACY
26.8%
10% cuz they be losing power :D
10.7%
About 60%
5.4%
Who is the whitest kid in this school lol? The person answering this question :D
53.6%
Nathan Hochstetler
12.5%
Allyson Isenbarger
3.6%
Alexander Trevino
25%
Who is the most hated teacher in the school? Mrs. Rogers
53.6%
Mrs. Wright
3.6%
Mr. Yurko
30.4%
Mr. Lord
8.9%
What tends to be the most eaten food in the cafeteria? Nothing because the food here is trash
51.8%
Hamburger
26.8%
Mac n cheese
1.8%
Mystery meat
16.1%
What section in the band tends to play obnoxiously loud? Drumline / Percussion
51.8%
Flutes
10.7%
Trumpets
28.6%
Saxophones
7.1%
Who is the chillest teacher in the school? Mr. Stickel
44.6%
Mr. Linville
17.9%
Mr. Pinnyei
17.9%
Mrs. HIll
14.3%
Best long distance runner - 'cross country - track' Nathan Hochstetler
42.9%
Elijah Dillenbeck
17.9%
Kris Waycaster
25%
Abe lmao
8.9%
What do most of the people enjoy doing during class? Talking - Being annoying
42.9%
Sleeping
28.6%
Doing work
0%
Vaping
23.2%

You're not logged in!

Compare scores with friends on all Sporcle quizzes.
OR
Log In

You Might Also Like...

Show Comments

Extras

Created Feb 24, 2017ReportNominate
Tags:school

Top Quizzes Today


Score Distribution

Your Account Isn't Verified!

In order to create a playlist on Sporcle, you need to verify the email address you used during registration. Go to your Sporcle Settings to finish the process.

Report this User

Report this user for behavior that violates our Community Guidelines.

Details: